Foundations of early childhood : (Record no. 275915)
[ view plain ]
| 000 -LEADER | |
|---|---|
| fixed length control field | 00723cam a22002413i 4500 |
| 003 - CONTROL NUMBER IDENTIFIER | |
| control field | OCoLC |
| 005 - DATE AND TIME OF LATEST TRANSACTION | |
| control field | 20140929085259.0 |
| 008 - FIXED-LENGTH DATA ELEMENTS--GENERAL INFORMATION | |
| fixed length control field | 130719s2014 xx 000 0 eng d |
| 020 ## - INTERNATIONAL STANDARD BOOK NUMBER | |
| International Standard Book Number | 144625528X |
| 020 ## - INTERNATIONAL STANDARD BOOK NUMBER | |
| International Standard Book Number | 9781446255285 |
| 020 ## - INTERNATIONAL STANDARD BOOK NUMBER | |
| International Standard Book Number | 1446255298 |
| 020 ## - INTERNATIONAL STANDARD BOOK NUMBER | |
| International Standard Book Number | 9781446255292 |
| 035 ## - SYSTEM CONTROL NUMBER | |
| System control number | (OCoLC)853310317 |
| Canceled/invalid control number | (OCoLC)853310318 |
| 040 ## - CATALOGING SOURCE | |
| Original cataloging agency | YDXCP |
| Language of cataloging | eng |
| Transcribing agency | YDXCP |
| Modifying agency | UKMGB |
| -- | BDX |
| -- | CDX |
| -- | OCLCQ |
| -- | NKM |
| -- | CUL |
| 050 #4 - LIBRARY OF CONGRESS CALL NUMBER | |
| Classification number | LB 1139.23 |
| Item number | .F771 2014 |
| 245 00 - TITLE STATEMENT | |
| Title | Foundations of early childhood : |
| Remainder of title | principles and practice / |
| 260 ## - PUBLICATION, DISTRIBUTION, ETC. (IMPRINT) | |
| Place of publication, distribution, etc | Los Angeles : |
| Name of publisher, distributor, etc | Sage, |
| Date of publication, distribution, etc | 2014. |
| 300 ## - PHYSICAL DESCRIPTION | |
| Extent | 414 pages ; |
| Dimensions | 26 cm. |
| 650 #0 - SUBJECT ADDED ENTRY--TOPICAL TERM | |
| Topical term or geographic name as entry element | Early childhood education. |
| 700 1# - ADDED ENTRY--PERSONAL NAME | |
| Personal name | Mukherji, Penny. |
| 700 1# - ADDED ENTRY--PERSONAL NAME | |
| Personal name | Dryden, Louise. |
| 942 ## - ADDED ENTRY ELEMENTS (KOHA) | |
| Source of classification or shelving scheme | Library of Congress Classification |
| Koha item type | Books |
| Call number prefix | Foreign |
| Withdrawn status | Lost status | Source of classification or shelving scheme | Damaged status | Home library | Current library | Shelving location | Date acquired | Source of acquisition | Cost, normal purchase price | Total Checkouts | Total Renewals | Full call number | Barcode | Date last seen | Date checked out | Price effective from | Koha item type |
|---|---|---|---|---|---|---|---|---|---|---|---|---|---|---|---|---|---|
| Library of Congress Classification | College Library | College Library | Reserve Section | 09/29/2014 | Library Fund | 3535.00 | 1 | 10 | LB 1139.23 .F771 2014 | C18702 | 05/15/2018 | 07/20/2015 | 09/29/2014 | Books | |||
| Library of Congress Classification | College Library | College Library | Reserve Section | 09/29/2014 | Library Fund | 3535.00 | LB 1139.23 .F771 2014 | C18709 | 05/15/2018 | 09/29/2014 | Books |